Welcome to the Holygrace Academy Library

Please use search bar below to get started

GODS OF WAR (Record no. 2608)

MARC details
000 -LEADER
fixed length control field 01491nam a22001457a 4500
020 ## - INTERNATIONAL STANDARD BOOK NUMBER
ISBN 978-0-143-10204-5
082 ## - DEWEY DECIMAL CLASSIFICATION NUMBER
Classification number 823
Item number BAN/G
100 ## - MAIN ENTRY--AUTHOR NAME
Personal name BANKER, ASHOK
245 ## - TITLE STATEMENT
Title GODS OF WAR
260 ## - PUBLICATION, DISTRIBUTION, ETC. (IMPRINT)
Place of publication DELHI
Name of publisher PENGUIN BOOKS
Year of publication 2009
300 ## - PHYSICAL DESCRIPTION
Number of Pages 282
520 ## - SUMMARY, ETC.
Summary, etc Santosh—a ten-year-old from a Mumbai slum with a passion for cricket, Bollywood, and Ganpati Bapa; Salim—a socialist trader from Birmingham and witness to the aftermath of the unjust 'war on terror'; Ruth—a lesbian ship-welder from New Jersey whose fierce rightwing patriotism cost her the love of her life; Akechi—a rakish, self-obsessed manga star with a fondness for high living and beautiful gaijin women; and Yoshi—Akechi's twin and fellow mangaka, a hermaphrodite consumed by a guilty secret about their Japanese father and Chinese mother. Can these five wildly unlikely people succeed in their impossible mission of travelling to the ends of time and space to bring peace to the world? Can they overcome their cultural, racial, religious and other differences and find a way to end the apocalyptic War of Wars that threatens not only humanity, but all creation, with ultimate destruction? Does humanity even deserve to be saved? Asking the boldest and most searing questions of our time, while unfolding a spectacular and tremendously entertaining epic adventure, Gods of War is a tour de force of imagination by the author of the internationally acclaimed Ramayana Series."
650 ## - SUBJECT ADDED ENTRY--TOPICAL TERM
Topical Term NOVEL
Geographic subdivision INDIA
942 ## - ADDED ENTRY ELEMENTS (KOHA)
Koha item type Books
Holdings
Withdrawn status Lost status Collection code Home library Current library Shelving location Date acquired Source of acquisition Cost, normal purchase price Full call number Accession Number Koha item type
    Fiction Main Library Main Library SHELF-14B -ALPHABETICAL -B--ENGLISH NOVELS & FICTIONS 17/06/2010 purchase 299.00 823 BAN/G 05361 Books